MARC

LEADER 00000nmm0a2200000 4500
001 14289
005 20231030185559.0
010 |a 0582226929 
035 |a (RuTPU)RU\TPU\book\14381 
035 |a BOOK00014449 
090 |a 14289 
100 |a 20011209d1999 m y0engy50 ba 
101 0 |a eng 
102 |a GB 
105 |a y j 000zy 
200 1 |a The World of English  |f M. Farrell, R. Ceriani, F. Rossi 
210 |c Longman  |d 1999 
215 |a 129 p.  |e Прил.: кассета 
610 1 |a английский язык 
610 1 |a учебные пособия 
610 1 |a книги для чтения 
610 1 |a хрестоматии 
610 1 |a страноведение 
610 1 |a кассеты 
686 |a Ш143.21-923.8  |v LBC/SL-A  |2 rubbk 
700 1 |a Farrell  |b M.  |g Mark 
701 1 |a Ceriani  |b R.  |g Regina 
701 1 |a Rossi  |b F.  |g Franca 
801 0 |a RU  |b 63413507  |c 20011209  |g PSBO 
801 2 |a RU  |b 63413507  |c 20170921  |g PSBO 
942 |c MX